Civil Estimating & Costing (Record no. 56463)

MARC details
000 -LEADER
fixed length control field 00401nam a2200169Ia 4500
008 - FIXED-LENGTH DATA ELEMENTS--GENERAL INFORMATION
fixed length control field 230524s9999 xx 000 0 und d
020 ## - INTERNATIONAL STANDARD BOOK NUMBER
ISBN 8185749981
082 ## - DEWEY DECIMAL CLASSIFICATION NUMBER
Classification number 624.1042
Item number UPA
100 ## - MAIN ENTRY--AUTHOR NAME
Personal name A.K.Upadhyay
245 #0 - TITLE STATEMENT
Title Civil Estimating & Costing
250 ## - EDITION STATEMENT
Edition statement 2
260 ## - PUBLICATION, DISTRIBUTION, ETC. (IMPRINT)
Place of publication New Delhi
Name of publisher Katson
Year of publication 2010
300 ## - PHYSICAL DESCRIPTION
Number of Pages 464p:
500 ## - GENERAL NOTE
General note Quantity Number: 1
650 ## - SUBJECT ADDED ENTRY--TOPICAL TERM
Topical Term Civil
942 ## - ADDED ENTRY ELEMENTS (KOHA)
Koha item type Books
Holdings
Lost status Damaged status Permanent Location Current Location Shelving location Date acquired Full call number Accession Number Koha item type
    Central Library, Trident Academy of Technology Central Library, Trident Academy of Technology General Stacks 05/24/2023 624.1042 UPA 53901 Books
Trident Academy of Technology © 2023.
All rights reserved.                                                                                                                                                                                                        Designed by Team of Central Library .

Powered by Koha